Family Businesses as a Part of Doing Business of Small and Medium Enterprises, bakalárska práca

Na minha lista:
Detalhes bibliográficos
Autor principal: Gajdosík, Rebeka, 1999-
Autor Corporativo: Fakulta podnikového manažmentu EU. Katedra podnikovohospodárska
Outros Autores: Gajdová, Denisa, 1977-
Formato: Livro
Idioma:inglês
Publicado em: Bratislava 2022
Tags: Adicionar Tag
Sem tags, seja o primeiro a adicionar uma tag!

MARC

LEADER 00000nbm a2200000 4500
001 0285413
005 20230309084505.5
041 0 |a eng 
044 |a SK 
245 1 0 |a Family Businesses as a Part of Doing Business of Small and Medium Enterprises,  |b bakalárska práca  |c Rebeka Gajdosík ; školiteľ: Denisa Gajdová 
264 1 |a Bratislava  |c 2022 
300 |a 49 s. 
100 1 |a Gajdosík, Rebeka, 1999- 
700 1 |a Gajdová, Denisa, 1977- 
710 2 |a Fakulta podnikového manažmentu EU. Katedra podnikovohospodárska